000 01414nam a22003137a 4500
001 638
005 20230627155204.0
008 230627b cb ||||| |||| 00| 0 eng d
020 _a9781570915963 (reinforced for library use)
020 _a9781570915970 (softcover)
040 _aDLC
_cDLC
_dDLC
_beng
050 0 0 _aQL114
_b.B38 2007
082 0 0 _a591.76809758/752
_222
100 1 _aBateman, Donna M.
245 1 0 _aDeep in the swamp /
_cDonna M. Bateman ; illustrated by Brian Lies.
250 _aFirst Scholastic printing, April 2008
260 _aNew York :
_bScholastic,
_c2008.
300 _a30 unnumbered pages :
_bcolor illustrations, color map ;
_c23 cm.
505 _aO
520 _aCount from 1 otter pup to 10 baby crayfish as readers learn about the special relationships of baby and mom mammals, reptiles, birds, and insects that make their home in the Okefenokee Swamp. A helpful guide to swamp flora and fauna is included. Modeled after the song "Over in the Meadow" by Olive A. Wadsworth.
521 _a820
_bLexile
521 _aO
_bRaz-Plus
650 0 _aSwamp animals
_zOkefenokee Swamp (Ga. and Fla.)
_vJuvenile literature.
650 0 _aSwamp plants
_zOkefenokee Swamp (Ga. and Fla.)
_vJuvenile literature.
650 0 _aCounting
_vJuvenile literature.
700 1 _aLies, Brian,
_eillustrator.
906 _a7
_bcbc
_corignew
_d1
_eecip
_f20
_gy-gencatlg
942 _2ddc
_cBK
_n0
999 _c638
_d638